Statistics for Country Names Containing a Letter - OO

Click here to take the quiz!

General Stats

  • This quiz has been taken 76 times
  • The average score is 17 of 22

Answer Stats

HintAnswer% Correct
4 x ODemocratic Republic of the Congo
96%
2 x ONorth Korea
94%
2 x OMongolia
91%
3 x ORepublic of the Congo
91%
2 x OSouth Korea
91%
3 x OKosovo
87%
3 x OMorocco
87%
2 x OTogo
85%
3 x OComoros
79%
2 x OLesotho
79%
2 x OMonaco
79%
2 x OSão Tomé and Príncipe
79%
2 x OBosnia and Herzegovina
77%
2 x OMoldova
77%
2 x OMontenegro
77%
2 x OCameroon
74%
2 x OTrinidad and Tobago
72%
2 x ONorth Macedonia
70%
2 x OColombia
68%
2 x OIvory Coast
62%
3 x OSolomon Islands
57%
2 x OFederated States of Micronesia
53%

Score Distribution

Percentile by Number Answered

Percent of People with Each Score

Your Score History

You have not taken this quiz